| 000 | 01038cam a2200313 a 4500 | ||
|---|---|---|---|
| 001 | 2561 | ||
| 005 | 20250813082115.0 | ||
| 020 | _a9780531271766 (library binding) | ||
| 020 | _a9780516228808 | ||
| 020 | _a9780531268261 (pbk.) | ||
| 040 |
_aDLC _cDLC _dDLC _beng |
||
| 050 | 0 | 0 |
_aPZ7.J7235 _bFi 2012 |
| 082 | 0 | 0 |
_a813 _222 |
| 100 | 1 | _aJones, Melanie Davis | |
| 245 | 1 | 0 |
_aField day / _cwritten by Melanie Davis Jones ; illustrated by Albert Molnar |
| 260 |
_aNew York : _bChildren's Press, _c2012 |
||
| 300 |
_a40 pages : _bcolor illustrations ; _c19 cm |
||
| 490 | 0 | _aRookie ready to learn. Out and about: In my community | |
| 505 | _aD | ||
| 520 | _aChildren have a wonderful time participating in the various activities of their school's field day. | ||
| 521 |
_a170 _bLexile |
||
| 521 |
_aD _bRaz-Plus |
||
| 650 | 1 |
_aRacing _vFiction. |
|
| 650 | 1 |
_aContests _vFiction. |
|
| 650 | 1 |
_aSchools _vFiction. |
|
| 700 | 1 |
_aMolnar, Albert _eillustrator |
|
| 906 |
_a7 _bcbc _corignew _d1 _eecip _f20 _gy-gencatlg |
||
| 942 |
_2ddc _cBK _n0 |
||
| 999 |
_c2561 _d2561 |
||